00493 a2200157 4500000002100000001000700021005001700028008004100045082001700086100002200103245011100125260002900236300001000265700003200275700002800307BKB 07105720200902150922.0  a515.93bB86S1 aBujalance, Emilio1 aSymmetries of compact riemann surfacescby Emilio Bujalance, Francisco Javier Cirre and Jose Manuel Gamboa aNew YorkbSpringerc2010 a158p. aCirre, Francisco Javierbc aGamboa, Jose Manuelbc